000 00626nam a2200229Ia 4500
003 OSt
005 20221006165022.0
006 a|||||r|||| 00| 0
007 ta
008 221006b |||||||| |||| 00| 0 eng d
024 _a6,985
037 _cTextual
040 _aFML
_cFML
_beng
041 _2eng
_aeng
082 _aNk44, 152N5
100 _aBathaw Roop Narayan Au.
_9678925
245 0 _aDefinational Dictonary Of Art Terms
260 _aNew Delhi
_bVani Prakashan India
_c1994
300 _a251
_ccm.
942 _hNk44, 152N5
_cTEXL
_2CC
999 _c1119300
_d1119300